Wilhelm Wagenfeld (1900-1990)

Αποθηκεύτηκε σε:
Λεπτομέρειες βιβλιογραφικής εγγραφής
Συγγραφή απο Οργανισμό/Αρχή: Wilhelm Wagenfeld Stiftung
Άλλοι συγγραφείς: Manske, Beate (edtf)
Μορφή: Βιβλίο
Γλώσσα:English
Δημοσίευση: Ostfildern-Ruit : New York : Hatje Cantz ; [Distribution by] DAP, c2000.
Θέματα:
Ετικέτες: Προσθήκη ετικέτας
Δεν υπάρχουν, Καταχωρήστε ετικέτα πρώτοι!

MARC

LEADER 00000cam a2200000 i 4500
001 1/38558
008 030724s2000 nyu| ||| |||| ||eng||
020 |a 3775708863   |q (English ed.) 
035 |l 10070462 
040 |a GR-MyUa  |b gre  |e AACR2 
041 0 |a eng 
082 7 |a 745.2092   |2 (21) 
245 0 0 |a Wilhelm Wagenfeld (1900-1990) /   |c edited by Beate Manske on behalf of The Wilhelm Wagenfeld Stiftung, Bremen. 
260 |a Ostfildern-Ruit :   |b Hatje Cantz ;   |a New York :   |b [Distribution by] DAP,   |c c2000. 
300 |a 206 σ. :   |b εικ. (έγχρ.) ;   |c 29 εκ. 
500 |a "A catalogue to accompany the exhibition "100 Years of Wilhelm Wagenfeld" at Wilhelm Wagenfeld Haus, Bremen 31 May to 31 October 2000". 
504 |a Περιλαμβάνει βιβλιογραφία (σ.201-204). 
600 1 0 |a Wagenfeld, Wilhelm  |x Criticism and interpretation. 
650 0 0 |a Industrial design  |z Germany. 
700 1 |a Manske, Beate,  |e edtf 
710 2 |a Wilhelm Wagenfeld Stiftung. 
852 |a INST  |b SYROS  |e 20030724  |h 745.2092 WIL  |p 005500003266  |q 005500003266  |t BK  |y 0 
901 |a BIBL5-2003-2 
922 |a 5ΕΛΗ  |b 200210  |c ΤΜΣΠΣ  |d ΠΑΠΑΣΩΤΗΡΙΟΥ 
950 |a 183-2002-10-19 
970 |a ΜΑΝΩΛΑΡΑΚΗ  |b ΜΑΡΙΑ  |z 2003/07/29